000 00951nas a2200325 4500
001 BR2012007775
003 BR-BrBNA
005 20231205121325.0
007 ta
008 230509b bl.|||p| |||| 00| 00por d
040 _aBR-BrBNA
_bpor
_cBiblioteca Nacional de Agricultura
041 _a(En)
072 _aH10
100 1 _aNickele, M.A.
100 1 _aReis Filho, W.
100 1 _aOliveira, E.B.
100 1 _aIede, E.T.
100 1 _aCaldato, N.
100 1 _aStrapasson, P.
245 1 _aLeaf-cutting ant attack in initial pine plantations and growth of defoliated plants
650 _aPINUS TAEDA
650 _aPINHEIRO
650 _aFLORESTA
650 _aPRAGA DE PLANTA
650 _aFORMIGA
650 _aDESFOLHA ARTIFICIAL
773 0 _tPesquisa Agropecuária Brasileira (Brazil)
_xISSN 0100-204X
_g(Jul 2012), v. 47(7) p. 892-899
_wBR2012007775
909 _a202311
_bLúcia
_c55
_dLúcia Elande
942 _2AGRIS
_n0
_cANA
999 _c222942
_d222942